000
00283nam a2200097 a 4500
005
20201002033812.0
008
130729s1926 000 spa d
245
0
_a
Santo Domingo - Cominican Republic.
260
_a
Santo Domingo -- j.r. vda. garcia,
_c
1926 -- 175 pag.
999
_c
39397
_d
39397
040
_a
DO-SdBNP